000 00354nam a22001457a 4500
008 210224b ||||| |||| 00| 0 eng d
020 _a9780721650029
041 _aeng
080 _a575
082 _a575
100 _a9
101 _aIMU
245 _aImmulonogy Theoretical & Practical Concepts in Laboratory Medicine
_cZane, H.D
942 _2udc
_cBK
999 _c55141
_d55141